| 000 | 00777nam a2200265Ia 4500 | ||
|---|---|---|---|
| 008 | 160901s9999 xx 000 0 und d | ||
| 020 | _a978-1-285-11306-7 | ||
| 050 | _aComSc HF 5548.4 | ||
| 050 | _b.M525S54 2012 c.2 | ||
| 100 | _aShelly, Gary B. | ||
| 245 | _aMicrosoft Word, Excel and Powerpoint 2010 : | ||
| 245 | _bessential concepts and techniques / | ||
| 245 | _cGary B. Shelly, Misty E. Vermaat. | ||
| 260 | _aSingapore : | ||
| 260 | _bCengage Learning Asia Pte Ltd | ||
| 260 | _c2012 | ||
| 300 | _a672 pages : | ||
| 300 | _bill. ; | ||
| 300 | _c26 cm. | ||
| 500 | _aIncludes index. | ||
| 650 | _aMicrosoft Office. | ||
| 650 | _aMicrosoft PowerPoint (Computer file). | ||
| 650 | _x Microsoft Word. | ||
| 650 | _xMicrosoft Excel (Computer file). | ||
| 999 |
_c300849 _d300849 |
||